Kebersamaan dalam ilmu tasawuf
| Main Author: | |
|---|---|
| Corporate Author: | |
| Format: | Book |
| Published: |
Johor :
UTM ,
2005
|
| Subjects: |
MARC
| LEADER | 00000cam a2200000 7i4500 | ||
|---|---|---|---|
| 001 | 0000012641 | ||
| 005 | 20071227.0 | ||
| 008 | 071227 | ||
| 020 | |a 9835203784 | ||
| 090 | 0 | 0 | |a 297.4 |b OTH |
| 100 | 0 | |a Othman Napiah | |
| 245 | 1 | 0 | |a Kebersamaan dalam ilmu tasawuf |c Othman Napiah |
| 260 | |a Johor : |b UTM , |c 2005 | ||
| 650 | 0 | |a Islam and philosophy | |
| 650 | 0 | |a Islamic stories, Malay | |
| 650 | 0 | |a Religious life |x Islam | |
| 650 | 0 | |a Sufism | |
| 710 | 0 | |a Title | |
| 999 | |a 0001009894 |b Book |c Adult Collection |e Perbadanan Perpustakaan Awam Johor | ||